LDR 00775naa#a2200169#i#450# 001 EN\\bibl\122062 005 20260513100753.3 011 ## _a1998-6785 100 ## _a20230621b2023####ek#y0engy0150####ca 102 ## _aRU 200 1# _aChallenge of the Space: Abstract Geopolitics, Territory Potential, and the Historical Track of the Far Eastern Borderlands in the 1990s. (On the example of the Khasansky district) _eJournal article 210 1# _aVladivostok _cVladivostok State University _d2023 215 ## _a8 с. 608 ## _aJournal article _2local 675 ## _aРегиональная, территориальная экономическая политика, планирование и прогнозирование. 332.14 _z 700 #1 _aSavchenko _gAnatoly E. 856 4# _avvgu.editorum.ru _u